Top 40 Biggest Songs Of 2022 - UK - Statistics

General Stats
  • This quiz has been taken 80 times
  • The average score is 18 of 40
Answer Stats
Pos Title Artist % Correct
1 As It Was Harry Styles
93%
32 Late Night Talking Harry Styles
93%
2 Bad Habits Ed Sheeran
91%
5 Shivers Ed Sheeran
91%
36 All I Want For Christmas Is You Mariah Carey
91%
34 Bam Bam Camila Cabello, Ed Sheeran
87%
3 Peru Fireboy DML, Ed Sheeran
87%
22 Easy On Me Adele
74%
37 Save Your Tears The Weeknd
74%
6 Running Up That Hill Kate Bush
69%
29 Mr Brightside The Killers
68%
19 About Damn Time Lizzo
66%
35 Last Christmas Wham!
66%
7 Heat Waves Glass Animals
62%
13 Cold Heart Elton John, Dua Lipa
60%
30 Stay The Kid LAROI, Justin Bieber
59%
15 Green Green Grass George Ezra
54%
38 Break My Soul Beyonce
47%
27 Another Love Tom Odell
43%
17 ABCDEFU Gayle
41%
28 First Class Jack Harlow
41%
10 Seventeen Going Under Sam Fender
41%
20 I Ain’t Worried OneRepublic
34%
31 Unholy Sam Smith, Kim Petras
32%
14 Starlight Dave
26%
25 I’m Good (Blue) David Guetta, Bebe Rexha
26%
40 Forget Me Lewis Capaldi
26%
11 We Don’t Talk About Bruno Encanto Cast
19%
9 Afraid To Feel LF System
18%
26 Last Last Burna Boy
15%
21 Crazy What Love Can Do David Guetta, Becky Hill, Ella Henderson
15%
33 Overseas D-Block Europe, Central Cee
13%
4 Go Cat Burns
12%
24 BOTA (Baddest Of Them All) Eliza Rose, Interplanetary Criminal
6%
8 Where Are You Now Lost Frequencies, Calum Scott
6%
18 Baby Aitch, Ashanti
4%
12 Make Me Feel Good Belters Only, Jazzy
3%
16 Where Did You Go Jax Jones, MNEK
3%
39 Surface Pressure Jessica Darrow
3%
23 Down Under Luude, Colin Hay
3%
No matching quizzes found
Score Distribution
Percent of People with Each Score
Percentile by Number Answered
Your Score History
You have not taken this quiz